000 003160000a22001090004500
090 _aAS
_bSeriadas
245 1 0 _aNuevas especies y combinaciones en la subtribu Wettiniinae (<Palmae>)
041 0 _aEspaƱol
100 1 _aBernal, Rodrigo G.
_93790
942 _cARTICULO
773 1 _tCaldasia
_345
_h82-85
_q367-378
_d1995
_g17
999 _c14372
_d14372